[Event "Pribina - TPK Cup   Mistrovství ÈR junio"]
[Site "Havlíèkùv Brod - hotel Slunce"]
[Date "2012.11.30"]
[Round "8.29"]
[White "Fusková, Martina"]
[Black "Škuthan, Jiøí"]
[Result "1-0"]
[WhiteElo "1716"]
[BlackElo "1782"]
[PlyCount "61"]
[EventDate "2012.11.25"]

1. e4 c5 2. Nf3 Nc6 3. d4 cxd4 4. Nxd4 Nf6 5. Nc3 e6 6. Ndb5 Bb4 7. a3 Bxc3+ 8.
Nxc3 d5 9. exd5 exd5 10. Bd3 O-O 11. O-O Bg4 12. f3 Be6 13. Kh1 Re8 14. Bg5 h6
15. Bh4 Rc8 16. Re1 a6 17. Qd2 d4 18. Ne2 b5 19. Rad1 Bc4 20. Bxc4 bxc4 21.
Nxd4 Rxe1+ 22. Bxe1 Nxd4 23. Qxd4 Qxd4 24. Rxd4 Re8 25. Bd2 Re2 26. Kg1 Kf8 27.
Kf1 Re6 28. Rxc4 Nd5 29. Rd4 Nc7 30. c4 Re5 31. Bf4 1-0

[Event "Pribina - TPK Cup   Mistrovství ÈR junio"]
[Site "Havlíèkùv Brod - hotel Slunce"]
[Date "2012.11.30"]
[Round "8.30"]
[White "Suchomelová, Simona"]
[Black "Liduch, Filip"]
[Result "1/2-1/2"]
[WhiteElo "1757"]
[BlackElo "1697"]
[PlyCount "92"]
[EventDate "2012.11.25"]

1. e4 e5 2. Nf3 Nc6 3. Bc4 Bc5 4. c3 Nf6 5. d4 exd4 6. cxd4 Bb4+ 7. Nc3 Nxe4 8.
O-O Bxc3 9. d5 Bf6 10. Re1 Ne7 11. Rxe4 d6 12. Bg5 Bxg5 13. Nxg5 h6 14. Qe2 Bf5
15. Re3 Kf8 16. Nf3 Bg4 17. h3 Bxf3 18. Rxf3 Ng6 19. Re3 Qf6 20. Re1 Ne5 21.
Re4 g5 22. Bb3 h5 23. Rc1 Rc8 24. Rc3 Qh6 25. Bc2 f5 26. Rxe5 dxe5 27. Qxe5 Re8
28. Qxf5+ Kg8 29. Rxc7 Re1+ 30. Kh2 Qd6+ 31. f4 Qxc7 32. Qxg5+ Qg7 33. Qd8+ Kf7
34. Qc7+ Re7 35. Qc4 Kf8 36. Qc8+ Re8 37. Qc5+ Qe7 38. d6 Qd7 39. Bf5 Re6 40.
Bxe6 Qxe6 41. d7+ Kg7 42. Qc7 Qf7 43. d8=Q Rxd8 44. Qxd8 Qxf4+ 45. Kg1 Qc1+ 46.
Kh2 Qf4+ 1/2-1/2

[Event "Pribina - TPK Cup   Mistrovství ÈR junio"]
[Site "Havlíèkùv Brod - hotel Slunce"]
[Date "2012.11.30"]
[Round "8.31"]
[White "Skoøepa, Jakub"]
[Black "Schaffer, Ondøej"]
[Result "1/2-1/2"]
[WhiteElo "1702"]
[BlackElo "1748"]
[PlyCount "105"]
[EventDate "2012.11.25"]

1. e4 e6 2. d4 d5 3. Nd2 c5 4. exd5 exd5 5. Ngf3 Nf6 6. dxc5 Bxc5 7. Nb3 Qe7+
8. Be2 O-O 9. O-O Be6 10. c3 Re8 11. Nxc5 Qxc5 12. Be3 Qc7 13. h3 Nc6 14. Nd4
Bd7 15. Qc2 a6 16. Rad1 Qa5 17. Rfe1 Rac8 18. Nxc6 Bxc6 19. Bd4 Ne4 20. Qb1 Qc7
21. Bd3 h6 22. Re2 Qf4 23. Qc1 Qh4 24. Rde1 Bd7 25. f3 Ng5 26. Rxe8+ Bxe8 27.
Bf2 Qh5 28. Qe3 Ne6 29. Qe5 Qxe5 30. Rxe5 Bc6 31. Bf5 Re8 32. Bxe6 fxe6 33. Kf1
Kf7 34. f4 g6 35. g3 Bb5+ 36. Ke1 Bd3 37. Re3 Be4 38. Kd2 Rc8 39. Re1 b5 40. a3
a5 41. Bb6 a4 42. Bd4 Rg8 43. h4 Bf3 44. Ke3 Bg4 45. Be5 Rc8 46. Rf1 Ke7 47.
Rf2 Rc4 48. Bg7 Re4+ 49. Kd2 h5 50. Be5 Kd7 51. Bd4 Kd6 52. Rg2 Kc6 53. Rf2
1/2-1/2

[Event "Pribina - TPK Cup   Mistrovství ÈR junio"]
[Site "Havlíèkùv Brod - hotel Slunce"]
[Date "2012.11.30"]
[Round "8.32"]
[White "Rùžièka, Václav"]
[Black "Bobek, Daniel"]
[Result "1-0"]
[WhiteElo "2072"]
[BlackElo "1629"]
[PlyCount "47"]
[EventDate "2012.11.25"]

1. c4 c6 2. Nc3 d5 3. cxd5 cxd5 4. d4 Bf5 5. Qb3 e6 6. Qxb7 Nd7 7. Bf4 Qc8 8.
Qb3 a6 9. Rc1 Qc4 10. Qxc4 dxc4 11. e4 Bg6 12. Bxc4 Bb4 13. f3 Ne7 14. Nge2 O-O
15. O-O Nb6 16. Bb3 Rac8 17. a3 Bxc3 18. Rxc3 Rxc3 19. Nxc3 Rc8 20. Rc1 Nc4 21.
Na4 Na5 22. Rxc8+ Nxc8 23. Ba2 Nb7 24. b4 1-0

[Event "Pribina - TPK Cup   Mistrovství ÈR junio"]
[Site "Havlíèkùv Brod - hotel Slunce"]
[Date "2012.11.30"]
[Round "8.33"]
[White "Šaffová, Michaela"]
[Black "Kovaøík, Matyáš"]
[Result "0-1"]
[WhiteElo "1743"]
[BlackElo "1539"]
[PlyCount "116"]
[EventDate "2012.11.25"]

1. e4 e6 2. d4 d5 3. exd5 exd5 4. Bd3 Bd6 5. Ne2 Ne7 6. Bf4 Bf5 7. O-O O-O 8.
Re1 Re8 9. Bxd6 Qxd6 10. Ng3 Bxd3 11. Qxd3 Nd7 12. Nd2 Ng6 13. Nf3 Nf6 14. Nf5
Qb6 15. b3 Ne4 16. g3 Qf6 17. g4 h5 18. h3 Nf4 19. Qf1 Ng5 20. Nxg5 Qxg5 21. f3
g6 22. Ng3 f5 23. Qb5 c6 24. Qf1 fxg4 25. fxg4 hxg4 26. Rxe8+ Rxe8 27. Re1
Nxh3+ 28. Kh1 Rf8 29. Qe2 Qh4 30. Qe6+ Kg7 31. Qe7+ Qxe7 32. Rxe7+ Rf7 33.
Rxf7+ Kxf7 34. Nf1 Nf2+ 35. Kg2 Ne4 36. Ne3 g3 37. c4 dxc4 38. Nxc4 Ke6 39. Na5
Kd5 40. Nxb7 Kxd4 41. Na5 Kc5 42. a3 Nd2 43. Kxg3 Kb5 44. b4 Nc4 45. a4+ Kxa4
46. Nxc4 Kxb4 47. Ne5 Kb5 48. Nxg6 a5 49. Nf4 a4 50. Kf3 a3 51. Ne2 Kc4 52. Nc1
Kc3 53. Ke3 c5 54. Ke4 Kc2 55. Nd3 a2 56. Nxc5 a1=Q 57. Kd5 Kc3 58. Ne4+ Kd3
0-1

[Event "Pribina - TPK Cup   Mistrovství ÈR junio"]
[Site "Havlíèkùv Brod - hotel Slunce"]
[Date "2012.11.30"]
[Round "8.34"]
[White "Skoøepa, Tomáš"]
[Black "Macková, Veronika"]
[Result "0-1"]
[WhiteElo "1695"]
[BlackElo "1724"]
[PlyCount "55"]
[EventDate "2012.11.25"]

1. e4 c5 2. Nf3 e6 3. d4 cxd4 4. Nxd4 a6 5. Bd3 Qc7 6. c4 Bc5 7. Nb3 Ba7 8. Nc3
Nf6 9. Qe2 Nc6 10. O-O O-O 11. Be3 Bxe3 12. Qxe3 Ne5 13. Qe2 d6 14. Kh1 b6 15.
f4 Nxd3 16. Qxd3 Bb7 17. Rac1 Rac8 18. Nd2 Rfd8 19. Qe2 Qc6 20. b3 b5 21. Rf3
d5 22. exd5 exd5 23. cxb5 axb5 24. Qxb5 d4 25. Qxc6 Bxc6 26. Ne2 Bxf3 27. Nxf3
d3 28. Re1 0-1

[Event "Pribina - TPK Cup   Mistrovství ÈR junio"]
[Site "Havlíèkùv Brod - hotel Slunce"]
[Date "2012.11.30"]
[Round "8.35"]
[White "Babièka, Michal"]
[Black "Steinhauser, Václav"]
[Result "1/2-1/2"]
[WhiteElo "1700"]
[BlackElo "1534"]
[PlyCount "85"]
[EventDate "2012.11.25"]

1. c4 e5 2. Nc3 Nf6 3. g3 Bc5 4. Bg2 d6 5. e3 Nc6 6. Nge2 Bg4 7. h3 Bf5 8. d4
exd4 9. exd4 Bb6 10. O-O O-O 11. Bg5 h6 12. Bxf6 Qxf6 13. Nd5 Qd8 14. Nxb6 axb6
15. Nc3 Rb8 16. Qd2 Re8 17. Rfe1 Qf6 18. Nd5 Qxd4 19. Rxe8+ Rxe8 20. Qxd4 Nxd4
21. Nxc7 Rc8 22. Nd5 Rxc4 23. Ne7+ Kf8 24. Nxf5 Nxf5 25. Bxb7 Rc2 26. Be4 Rc5
27. a4 Nd4 28. Bg2 Nb3 29. Rd1 Rc4 30. Bd5 Rb4 31. Rd3 Nc5 32. Rf3 f6 33. b3
Rd4 34. Bc4 d5 35. Bb5 Rb4 36. Re3 Nxb3 37. Re8+ Kf7 38. Rb8 d4 39. Rxb6 Ke7
40. Rb7+ Kf8 41. Rb8+ Ke7 42. Rb7+ Kf8 43. Rb8+ 1/2-1/2

[Event "Pribina - TPK Cup   Mistrovství ÈR junio"]
[Site "Havlíèkùv Brod - hotel Slunce"]
[Date "2012.11.30"]
[Round "8.37"]
[White "Valterová, Veronika"]
[Black "Tùma, Jan"]
[Result "0-1"]
[WhiteElo "1339"]
[BlackElo "1738"]
[PlyCount "24"]
[EventDate "2012.11.25"]

1. e4 c5 2. d4 cxd4 3. c3 d3 4. Bxd3 d6 5. Nf3 Nd7 6. Qe2 Ngf6 7. O-O e6 8. Bg5
Be7 9. e5 dxe5 10. Bb5 e4 11. Bxf6 exf3 12. Bxe7 fxe2 0-1

[Event "Pribina - TPK Cup   Mistrovství ÈR junio"]
[Site "Havlíèkùv Brod - hotel Slunce"]
[Date "2012.11.30"]
[Round "8.42"]
[White "Kubitová, Alžbìta"]
[Black "Tobišková, Petra"]
[Result "0-1"]
[WhiteElo "1422"]
[BlackElo "1515"]
[PlyCount "37"]
[EventDate "2012.11.25"]

1. e4 e5 2. Nf3 Nf6 3. Nxe5 d6 4. Nf3 Nxe4 5. Qe2 Qe7 6. d3 Nf6 7. Bg5 Qxe2+ 8.
Bxe2 Be7 9. Nc3 Nc6 10. O-O h6 11. Bh4 Bd7 12. Rae1 g5 13. Bg3 O-O-O 14. Nd2
Rhe8 15. Nde4 Nxe4 16. dxe4 h5 17. f3 f5 18. exf5 Bxf5 19. Nd5 0-1